MARC

LEADER 00000nam0a2200000 4500
001 151572
005 20231031150751.0
035 |a (RuTPU)RU\TPU\book\164339 
090 |a 151572 
100 |a 20090124d1951 m y0rusy50 ca 
101 0 |a rus 
102 |a RU 
105 |a a j 001zy 
200 1 |a Основы горения веществ  |e учебное пособие для пожарно-технических учебных заведений  |f П. Г. Демидов 
210 |a Москва  |c Изд-во Министерства коммунального хозяйства РСФСР  |d 1951 
215 |a 296 с.  |c ил. 
320 |a Библиогр.: с. 291-293. 
610 1 |a горение 
610 1 |a продукты горения 
610 1 |a воздух 
610 1 |a расчет 
610 1 |a температура 
610 1 |a пламя 
610 1 |a горючие вещества 
610 1 |a термический распад 
610 1 |a окисление 
610 1 |a самовоспламенение 
610 1 |a жидкие вещества 
610 1 |a твердые вещества 
610 1 |a самовозгорание 
610 1 |a пар 
610 1 |a упругость 
610 1 |a испарение 
610 1 |a газовые смеси 
610 1 |a вспышки 
610 1 |a пылевые смеси 
610 1 |a взрывчатые вещества 
610 1 |a теория 
610 1 |a лабораторные работы 
610 1 |a описание 
610 1 |a учебные пособия 
675 |a 662.611(075)  |v 3 
700 1 |a Демидов  |b П. Г. 
801 1 |a RU  |b 63413507  |c 20090124  |g PSBO 
801 2 |a RU  |b 63413507  |c 20130904  |g PSBO 
942 |c BK